Environmental policy : objectives, instruments, and implementation (Record no. 257422)

MARC details
000 -LEADER
fixed length control field 00725nam a2200217Ia 4500
008 - FIXED-LENGTH DATA ELEMENTS--GENERAL INFORMATION
fixed length control field 191130s2000##################000#0#eng##
020 ## - INTERNATIONAL STANDARD BOOK NUMBER
ISBN 9780199241354
082 ## - DEWEY DECIMAL CLASSIFICATION NUMBER
Classification number 363.7056 HEL
245 ## - TITLE STATEMENT
Title Environmental policy : objectives, instruments, and implementation
Statement of responsibility, etc edited by Dieter Helm
260 ## - PUBLICATION, DISTRIBUTION, ETC. (IMPRINT)
Place of publication Oxford
Name of publisher Oxford University Press
Year of publication 2000
300 ## - PHYSICAL DESCRIPTION
Number of Pages xv, 324 p. : ill. ; 24 cm
500 ## - GENERAL NOTE
General note Includes bibliographical references (p. [281]-312) and index
650 ## - SUBJECT ADDED ENTRY--TOPICAL TERM
Topical Term Environmental policy
Topical Term Environmental policy - Economic aspects
700 ## - ADDED ENTRY--PERSONAL NAME
Personal name Helm, Dieter
991 ## -
-- 419233
Holdings
Withdrawn status Lost status Damaged status Not for loan Home library Current library Shelving location Date acquired Full call number Accession Number Price effective from Koha item type
        Anna Centenary Library Anna Centenary Library 4TH FLOOR, A WING 13.10.2020 363.7056 HEL 182795 13.10.2020 English Books
        Anna Centenary Library Anna Centenary Library 4TH FLOOR, A WING 13.10.2020 363.7056 HEL 188331 13.10.2020 English Books

Find us on the map